1565 1758 1554 1761 1330 1904 1587 1507 1104 1248 1072 1133 1298 1944 1376 1652 1390 1627 1929 1005 1156 1173 1242 1186 1035 1613 1883 1697 1284 1081 1027 1601 1142 1362 1616 1330 1276 1516 1184 1866 1137 1328 1224 1200 1665 1168 1014 1110 1997 1228 1840 1385 1061 1635 1604 1466 1980 1761 1820 1712 1242 1176 1648 1414 1759 1257 1200 1714 1544 1508 1850 1889 1769 1031 1610 1072 1623 1110 1536 1916 1166 1892 1815 1629 1954 1506 1111 1631 1043 1468 1405 1506 1790 1298 1140 1619 1386 1673 1116 BCNSPRNW ULIB Ver.6.0+V

เปลี่ยนเป็นภาษาไทย

Change to English
 แสดงรายละเอียดบรรณานุกรม
  กลับหน้าหลัก

Brief Record : Get Marc (ISO 2709) : E-mail record : QR code < ปิดหน้าต่าง
LEADER : 00000nam 2200000uu 4500
001    13399127991
003     ULIB
008    020711s2564 th a 000 0 tha d
060    ^aWS125^bบ268
110    ^aสำนักงานหลักประกันสุขภาพแห่งชาติ
245    ^aบันทึกบันได 10 ขั้นนมแม่ในทารกป่วย = Manual Record 10 Steps Breastfeeding Sick Babies
260     ^bม.ป.ท.,^cม.ป.ป.
300    ^a43 หน้า;^b19 ซม.
650    ^aทารกป่วย^xนมแม่
945    ^p0^l0^i008574
945    ^p0^l0^i008575
945    ^p0^l0^i008576
945    ^p0^l0^i008577
945    ^p0^l0^i008578
999    ^aประนอม เกษจรัล
รายการนี้ยังไม่มีแท็ก
คุณยังไม่ได้ล็อกอิน คุณสามารถมีกิจกรรมร่วมกับเว็บไซต์ได้ แต่ต้องล็อกอินก่อน ::
  ล็อกอิน

รายการสื่อสารสนเทศ

ลำดับที่ ประเภท เลขเรียก/บาร์โค้ด สถานที่ สถานะ
1. วิทยาศาสตร์การแพทย์ และสุขภาพ
หนังสือสำรอง
สถานะ=หนังสือสำรอง
WS125 บ268 ฉ.1 
  Barcode: 008574
ห้องสมุดวิทยาเขตสวรรค์ประชารักษ์
►หนังสือทั่วไป
บนชั้น
2. วิทยาศาสตร์การแพทย์ และสุขภาพ
วิทยาศาสตร์การแพทย์ และสุขภาพ
WS125 บ268 ฉ.2 
  Barcode: 008575
ห้องสมุดวิทยาเขตสวรรค์ประชารักษ์
►หนังสือทั่วไป
บนชั้น
3. วิทยาศาสตร์การแพทย์ และสุขภาพ
วิทยาศาสตร์การแพทย์ และสุขภาพ
WS125 บ268 ฉ.3 
  Barcode: 008576
ห้องสมุดวิทยาเขตสวรรค์ประชารักษ์
►หนังสือทั่วไป
บนชั้น
4. วิทยาศาสตร์การแพทย์ และสุขภาพ
วิทยาศาสตร์การแพทย์ และสุขภาพ
WS125 บ268 ฉ.4 
  Barcode: 008577
ห้องสมุดวิทยาเขตสวรรค์ประชารักษ์
►หนังสือทั่วไป
บนชั้น
5. วิทยาศาสตร์การแพทย์ และสุขภาพ
วิทยาศาสตร์การแพทย์ และสุขภาพ
WS125 บ268 ฉ.5 
  Barcode: 008578
ห้องสมุดวิทยาเขตสวรรค์ประชารักษ์
►หนังสือทั่วไป
บนชั้น

BibComment


ยังไม่เคยถูกคอมเมนท์

คอมเมนท์ทรัพยากรรายการนี้
  คอมเมนท์: บันทึกบันได 10 ข..


 Copyright 2026. Bcnsprnw @Library